[Event "Titled Tuesday intern op 01st Apr Early"]
[Site "Chess.com INT"]
[Date "2025.04.01"]
[Round "2"]
[White "Escudero Donoso, Felipe"]
[Black "Grutter, Tim"]
[Result "1-0"]
[WhiteElo "2038"]
[BlackElo "2417"]
[PlyCount "101"]
[EventDate "2025.04.01"]
[EventType "swiss (blitz)"]
[EventRounds "11"]
[EventCountry "USA"]
[SourceTitle "CB15_2025"]
[SourceDate "2025.04.09"]
[SourceVersion "1"]
[SourceVersionDate "2025.04.09"]
[SourceQuality "1"]

1. e4 c5 2. Nf3 g6 3. d4 cxd4 4. Nxd4 Bg7 5. Nc3 Nc6 6. Be3 Nf6 7. Bc4 0-0 8. Bb3 d6 9. f3 Bd7 10. Qd2 Nxd4 11. Bxd4 b5 12. g4 a5 13. Nd5 Nxd5 14. Bxd5 Bxd4 15. Qxd4 Rc8 16. 0-0-0 Qc7 17. Rd2 b4 18. Re1 Bc6 19. Re3 Rb8 20. h4 a4 21. h5 Bxd5 22. exd5 b3 23. a3 bxc2 24. Rxc2 Qb7 25. h6 f6 26. g5 Rbc8 27. Rec3 Rxc3 28. Rxc3 Qd7 29. Re3 Qf5 30. Qe4 Qxg5 31. Qxe7 Qxh6 32. Kb1 Qg7 33. Qxd6 h5 34. Re7 Rf7 35. Qe6 g5 36. d6 Qg6+ 37. Ka2 Kg7 38. d7 Rxe7 39. Qxe7+ Qf7+ 40. Qxf7+ Kxf7 41. d8Q Kg6 42. Qe8+ Kh6 43. Qxa4 Kg6 44. Qe4+ Kh6 45. Qe7 Kg6 46. Qe8+ Kh6 47. a4 h4 48. a5 f5 49. Qe7 Kh5 50. Qf7+ Kh6 51. Qxf5 1-0

[Event "Temuco op 2nd"]
[Site "Temuco"]
[Date "2025.01.14"]
[Round "7"]
[White "Farfan Ortiz, Victor"]
[Black "Escudero Donoso, Felipe"]
[Result "1/2-1/2"]
[WhiteElo "2186"]
[BlackElo "2013"]
[PlyCount "83"]
[EventDate "2025.01.10"]
[EventType "swiss"]
[EventRounds "9"]
[EventCountry "CHI"]
[SourceTitle "CB04_2025"]
[SourceDate "2025.01.22"]
[SourceVersion "1"]
[SourceVersionDate "2025.01.22"]
[SourceQuality "1"]

1. Nf3 d5 2. b3 Nf6 3. Bb2 Bg4 4. e3 Nbd7 5. h3 Bh5 6. d3 h6 7. Nbd2 e6 8. g4 Bg6 9. Bg2 Bd6 10. 0-0 0-0 11. Nh4 Bh7 12. f4 Ne8 13. Nhf3 c5 14. Qe2 Qc7 15. c4 d4 16. exd4 Bxf4 17. Ne4 Rd8 18. Rad1 b6 19. dxc5 Nxc5 20. Nxc5 bxc5 21. d4 cxd4 22. Nxd4 Nf6 23. Kh1 a6 24. Nc6 Rxd1 25. Rxd1 Nd7 26. Bc3 Kh8 27. Ba5 Qc8 28. Bb4 Re8 29. Qf2 e5 30. Ne7 Qb8 31. Bd6 Qd8 32. Bc6 Rxe7 33. Bxe7 Qxe7 34. Rxd7 Be4+ 35. Kg1 Qe8 36. Qb6 Be3+ 37. Qxe3 Bxc6 38. Rd6 Qa8 39. Qb6 Be8 40. Rd8 Qf3 41. Rxe8+ Kh7 42. Qf2 1/2-1/2

[Event "Temuco op 2nd"]
[Site "Temuco"]
[Date "2025.01.12"]
[Round "4"]
[White "Escudero Donoso, Felipe"]
[Black "Molina, Pablo Sebastian"]
[Result "1/2-1/2"]
[WhiteElo "2013"]
[BlackElo "2244"]
[PlyCount "154"]
[EventDate "2025.01.10"]
[EventType "swiss"]
[EventRounds "9"]
[EventCountry "CHI"]
[SourceTitle "CB04_2025"]
[SourceDate "2025.01.22"]
[SourceVersion "1"]
[SourceVersionDate "2025.01.22"]
[SourceQuality "1"]

1. e4 c5 2. Nf3 d6 3. d4 cxd4 4. Nxd4 Nf6 5. Nc3 a6 6. g3 e5 7. Nb3 Bg4 8. Qd3 Nbd7 9. h3 Be6 10. Be3 Rc8 11. Nd5 Bxd5 12. exd5 Nb6 13. Bg2 Nc4 14. Bc1 Be7 15. 0-0 0-0 16. Nd2 Nxd2 17. Bxd2 Nd7 18. c4 f5 19. b4 e4 20. Qb3 Bf6 21. Rac1 Ne5 22. Rfd1 Bg5 23. Rc3 b6 24. h4 Bxd2 25. Rxd2 Rf7 26. Rdc2 Rfc7 27. Bf1 Nf3+ 28. Rxf3 exf3 29. Qxf3 Qf6 30. Qe3 Rb8 31. Qf4 Re8 32. Bd3 Re5 33. Kg2 b5 34. cxb5 Rxc2 35. Bxc2 axb5 36. a4 bxa4 37. Bxa4 Re4 38. Qd2 Qe5 39. Bd7 Re2 40. Qd3 g6 41. b5 Kg7 42. Qf3 Qe4 43. g4 Qxg4+ 44. Qxg4 fxg4 45. Bxg4 Rb2 46. Bd7 Kf6 47. Kg3 Ke5 48. Bc6 Rb4 49. f3 h6 50. f4+ Rxf4 51. b6 Rb4 52. b7 g5 53. hxg5 hxg5 54. Kf3 g4+ 55. Kg3 Kf5 56. Bd7+ Kg5 57. b8Q Rxb8 58. Bxg4 Rb3+ 59. Bf3 Kf5 60. Kf2 Kf4 61. Bh5 Rb2+ 62. Ke1 Rb7 63. Kd2 Ke4 64. Bg4 Kd4 65. Be6 Rb2+ 66. Kc1 Kc3 67. Kd1 Rd2+ 68. Ke1 Kd3 69. Bf5+ Ke3 70. Be6 Rd4 71. Bf7 Re4 72. Kd1 Kd4 73. Kd2 Re5 74. Be6 Rg5 75. Ke2 Rxd5 76. Bxd5 Kxd5 77. Kd3 Ke5 1/2-1/2

[Event "Titled Tuesday intern op 13th Aug Early"]
[Site "Chess.com INT"]
[Date "2024.08.13"]
[Round "4"]
[White "Polanco Fernandez, Sahiean"]
[Black "Escudero Donoso, Felipe"]
[Result "1-0"]
[WhiteElo "1835"]
[BlackElo "2013"]
[PlyCount "89"]
[EventDate "2024.08.13"]
[EventType "swiss (blitz)"]
[EventRounds "11"]
[EventCountry "USA"]
[SourceTitle "EXT 2025"]
[Source "ChessBase"]
[SourceDate "2024.10.14"]
[SourceVersion "1"]
[SourceVersionDate "2024.10.14"]
[SourceQuality "1"]

1. e4 c5 2. Nf3 Nc6 3. Bb5 g6 4. Bxc6 dxc6 5. 0-0 Bg7 6. d3 e5 7. Nc3 Ne7 8. Be3 Kf8 9. Bxc5 b6 10. Be3 h6 11. Qd2 Kg8 12. h3 Kh7 13. Nh2 f5 14. f4 exf4 15. Rxf4 g5 16. Rff1 f4 17. Bf2 Ng6 18. d4 Re8 19. Rad1 b5 20. a3 a5 21. e5 Bf5 22. Rfe1 Qd7 23. Ne4 Bxe4 24. Rxe4 Rad8 25. c3 Nxe5 26. Rde1 Nc4 27. Qe2 Rxe4 28. Qxe4+ Kh8 29. b3 Nxa3 30. Ng4 b4 31. cxb4 axb4 32. Ne5 Bxe5 33. Qxe5+ Qg7 34. Qc5 Nb5 35. Qxc6 Nxd4 36. Re8+ Rxe8 37. Qxe8+ Kh7 38. Qe4+ Kg8 39. Bxd4 Qc7 40. Qg6+ Kf8 41. Qxh6+ Ke8 42. Qg6+ Kf8 43. Qf6+ Kg8 44. Qh8+ Kf7 45. Qh7+ 1-0

[Event "Titled Tuesday intern op 06th Aug Early"]
[Site "Chess.com INT"]
[Date "2024.08.06"]
[Round "4"]
[White "Escudero Donoso, Felipe"]
[Black "Olhovik, Andrei"]
[Result "0-1"]
[WhiteElo "2013"]
[BlackElo "2282"]
[PlyCount "57"]
[EventDate "2024.08.06"]
[EventType "swiss (blitz)"]
[EventRounds "11"]
[EventCountry "USA"]
[SourceTitle "EXT 2025"]
[Source "ChessBase"]
[SourceDate "2024.10.14"]
[SourceVersion "1"]
[SourceVersionDate "2024.10.14"]
[SourceQuality "1"]

1. d4 d5 2. Nf3 Nf6 3. Bf4 c5 4. e3 Qb6 5. Nc3 Bd7 6. dxc5 Qxc5 7. Be2 e6 8. 0-0 Be7 9. Ne5 0-0 10. a3 Rc8 11. Bf3 Qb6 12. Rb1 Bb5 13. Nxb5 Qxb5 14. Re1 Nc6 15. Nxc6 Qxc6 16. Rc1 Qb6 17. b4 a5 18. Rb1 axb4 19. axb4 Rc4 20. Qd2 Ra2 21. Rec1 Rxb4 22. Rxb4 Qxb4 23. Qd3 Qb2 24. e4 dxe4 25. Bxe4 Ra1 26. h3 Rxc1+ 27. Bxc1 Qxc1+ 28. Kh2 Qf4+ 29. Kg1 0-1

[Event "Titled Tuesday intern op 02nd Jul Early"]
[Site "Chess.com INT"]
[Date "2024.07.02"]
[Round "3"]
[White "Cruz Gomez, Miguel Angel"]
[Black "Escudero Donoso, Felipe"]
[Result "0-1"]
[WhiteElo "1887"]
[BlackElo "2013"]
[PlyCount "64"]
[EventDate "2024.07.02"]
[EventType "swiss (blitz)"]
[EventRounds "11"]
[EventCountry "USA"]
[SourceTitle "EXT 2025"]
[Source "ChessBase"]
[SourceDate "2024.10.14"]
[SourceVersion "1"]
[SourceVersionDate "2024.10.14"]
[SourceQuality "1"]

1. c4 e6 2. Nc3 d5 3. d4 c5 4. cxd5 exd5 5. Nf3 Nc6 6. g3 Nf6 7. Bg2 Be7 8. 0-0 0-0 9. Bg5 c4 10. Ne5 Be6 11. Nxc6 bxc6 12. b3 Qa5 13. Bd2 Qb6 14. bxc4 Qxd4 15. cxd5 cxd5 16. Nb5 Qc5 17. Rb1 Rab8 18. Be3 Qc4 19. Nd4 Qxa2 20. Ra1 Qc4 21. Rxa7 Bc5 22. Nxe6 fxe6 23. Bxc5 Qxc5 24. Qa1 Rbc8 25. Rb1 Rc7 26. Rbb7 Rxb7 27. Rxb7 Rc8 28. Qa7 Qxa7 29. Rxa7 Rc1+ 30. Bf1 Ne4 31. Ra2 Rd1 32. Kg2 Nd2 0-1

[Event "Titled Tuesday intern op 14th May Early"]
[Site "Chess.com INT"]
[Date "2024.05.14"]
[Round "1"]
[White "Bilan, Danila"]
[Black "Escudero Donoso, Felipe"]
[Result "1-0"]
[WhiteElo "2303"]
[BlackElo "2037"]
[PlyCount "101"]
[EventDate "2024.05.14"]
[EventType "swiss (blitz)"]
[EventRounds "11"]
[EventCountry "USA"]
[SourceTitle "EXT 2025"]
[Source "ChessBase"]
[SourceDate "2024.10.14"]
[SourceVersion "1"]
[SourceVersionDate "2024.10.14"]
[SourceQuality "1"]

1. d4 d5 2. Nf3 e6 3. g3 c5 4. Bg2 Nc6 5. 0-0 Nf6 6. c4 Be7 7. cxd5 exd5 8. Nc3 0-0 9. dxc5 Bxc5 10. Bg5 d4 11. Ne4 Be7 12. Bxf6 Bxf6 13. Rc1 Re8 14. Nc5 Qe7 15. Re1 Bg4 16. h3 Bf5 17. Qb3 b6 18. Nd3 Be4 19. Nd2 Bxg2 20. Kxg2 Rac8 21. Nf3 h6 22. Nf4 Qe4 23. Qd5 Qxd5 24. Nxd5 Be5 25. Rc2 Kf8 26. Rec1 Ne7 27. Rxc8 Nxc8 28. Nxe5 Nd6 29. Nd7+ Kg8 30. N7f6+ gxf6 31. Nxf6+ Kf8 32. Nxe8 Kxe8 33. Kf3 Kd7 34. h4 a6 35. g4 f6 36. Kf4 b5 37. a3 Nc4 38. Rc2 Kd6 39. Ke4 Ne5 40. f3 Ng6 41. h5 Ne5 42. Rc8 Nc6 43. Rh8 Na5 44. Rxh6 Nc4 45. Rxf6+ Ke7 46. Rxa6 Nxb2 47. h6 Nc4 48. h7 Nd6+ 49. Rxd6 Kxd6 50. h8Q b4 51. Qxd4+ 1-0

[Event "Titled Tuesday intern op 14th May Early"]
[Site "Chess.com INT"]
[Date "2024.05.14"]
[Round "6"]
[White "Victor, Julian"]
[Black "Escudero Donoso, Felipe"]
[Result "0-1"]
[WhiteElo "2298"]
[BlackElo "2037"]
[PlyCount "72"]
[EventDate "2024.05.14"]
[EventType "swiss (blitz)"]
[EventRounds "11"]
[EventCountry "USA"]
[SourceTitle "EXT 2025"]
[Source "ChessBase"]
[SourceDate "2024.10.14"]
[SourceVersion "1"]
[SourceVersionDate "2024.10.14"]
[SourceQuality "1"]

1. d4 e6 2. Nf3 d5 3. Bf4 c5 4. e3 Nc6 5. Nbd2 Nf6 6. c3 Bd6 7. Bg3 0-0 8. Bd3 Qc7 9. dxc5 Bxg3 10. hxg3 e5 11. e4 Rd8 12. exd5 Rxd5 13. Qc2 h6 14. b4 Qd8 15. Bc4 Rd7 16. 0-0-0 Qe7 17. Nh4 Rd8 18. Ng6 Qe8 19. Qb3 Bf5 20. Nh4 Bh7 21. Rhe1 e4 22. f4 Rac8 23. Nf1 b6 24. cxb6 axb6 25. Ne3 Ne7 26. g4 b5 27. Rxd8 Rxd8 28. Bf1 Ned5 29. Nxd5 Nxd5 30. Nf5 Bxf5 31. gxf5 Nxf4 32. Qc2 Rc8 33. Rxe4 Qc6 34. Rxf4 Qa6 35. f6 Qa3+ 36. Kb1 Qa7 0-1

[Event "Titled Tuesday intern op 07th May Early"]
[Site "Chess.com INT"]
[Date "2024.05.07"]
[Round "2"]
[White "Dobre, Claudiu Cristian"]
[Black "Escudero Donoso, Felipe"]
[Result "1-0"]
[WhiteElo "2259"]
[BlackElo "2037"]
[PlyCount "75"]
[EventDate "2024.05.07"]
[EventType "swiss (blitz)"]
[EventRounds "11"]
[EventCountry "USA"]
[SourceTitle "EXT 2025"]
[Source "ChessBase"]
[SourceDate "2024.10.14"]
[SourceVersion "1"]
[SourceVersionDate "2024.10.14"]
[SourceQuality "1"]

1. d4 d5 2. Nf3 e6 3. e3 c5 4. c3 Nf6 5. Nbd2 Bd6 6. Bd3 0-0 7. 0-0 Nc6 8. dxc5 Bxc5 9. e4 b6 10. Qe2 Bb7 11. e5 Nd7 12. b4 Be7 13. Nb3 a5 14. b5 Ncb8 15. a4 Nc5 16. Nxc5 bxc5 17. c4 dxc4 18. Bxc4 Nd7 19. Bd3 Qc7 20. Bb2 Nb6 21. Nd2 Nd5 22. g3 Rfd8 23. Nc4 Nb4 24. Be4 Bd5 25. Rac1 Qb7 26. Bxd5 Rxd5 27. Rfd1 Rad8 28. Nxa5 Qa8 29. Rxd5 Rxd5 30. Nc4 Qxa4 31. Nb6 Qa2 32. Nxd5 Nxd5 33. Kf1 h6 34. Qc2 Bg5 35. Ra1 Nb4 36. Rxa2 Nxc2 37. b6 Bd8 38. Ra8 1-0

[Event "Titled Tuesday intern op 07th May Early"]
[Site "Chess.com INT"]
[Date "2024.05.07"]
[Round "4"]
[White "Womacka, Mathias"]
[Black "Escudero Donoso, Felipe"]
[Result "1-0"]
[WhiteElo "2360"]
[BlackElo "2037"]
[PlyCount "97"]
[EventDate "2024.05.07"]
[EventType "swiss (blitz)"]
[EventRounds "11"]
[EventCountry "USA"]
[SourceTitle "EXT 2025"]
[Source "ChessBase"]
[SourceDate "2024.10.14"]
[SourceVersion "1"]
[SourceVersionDate "2024.10.14"]
[SourceQuality "1"]

1. e4 e6 2. d4 d5 3. Nd2 c5 4. exd5 Qxd5 5. Ngf3 cxd4 6. Bc4 Qd6 7. 0-0 Nf6 8. Nb3 Qc7 9. Qe2 Bd6 10. Nbxd4 a6 11. Nf5 0-0 12. Nxd6 Qxd6 13. Bg5 Nbd7 14. Rad1 Qc5 15. Bd3 h6 16. Bf4 Qh5 17. Ne5 Qxe2 18. Bxe2 Nd5 19. Bg3 Nxe5 20. Bxe5 b5 21. c4 bxc4 22. Bxc4 Bb7 23. Rd3 Rac8 24. Bb3 f6 25. Bg3 Rc5 26. Bd6 Rcc8 27. Bxf8 Kxf8 28. Re1 Kf7 29. f3 Rc5 30. Kf2 a5 31. Rdd1 Nf4 32. g3 Nh3+ 33. Ke3 Re5+ 34. Kd4 Bxf3 35. Rxe5 fxe5+ 36. Kxe5 Bxd1 37. Bxe6+ Ke7 38. Bxh3 Bf3 39. Bf1 Bc6 40. Bc4 Be8 41. b3 Bg6 42. a3 Bc2 43. h4 Bd1 44. b4 axb4 45. axb4 Bc2 46. b5 Kd7 47. Kd5 Kc7 48. Kc5 Be4 49. b6+ 1-0

[Event "Titled Tuesday intern op 23rd Apr Early"]
[Site "Chess.com INT"]
[Date "2024.04.23"]
[Round "3"]
[White "Escudero Donoso, Felipe"]
[Black "Ibadov, Dashgyn"]
[Result "0-1"]
[WhiteElo "2035"]
[BlackElo "2376"]
[PlyCount "58"]
[EventDate "2024.04.23"]
[EventType "swiss (blitz)"]
[EventRounds "11"]
[EventCountry "USA"]
[SourceTitle "EXT 2025"]
[Source "ChessBase"]
[SourceDate "2024.10.14"]
[SourceVersion "1"]
[SourceVersionDate "2024.10.14"]
[SourceQuality "1"]

1. d4 Nf6 2. Nf3 d5 3. c4 e6 4. Nc3 c6 5. e3 Nbd7 6. Bd3 Bd6 7. 0-0 dxc4 8. Bxc4 b5 9. Bd3 0-0 10. e4 e5 11. d5 cxd5 12. exd5 a6 13. Bg5 Bb7 14. Ne4 Bb8 15. Re1 Bxd5 16. Nxf6+ Nxf6 17. Bxf6 Qxf6 18. Bxh7+ Kxh7 19. Qxd5 Ra7 20. Nxe5 Rd8 21. Qe4+ Kg8 22. Nc6 Rd2 23. Nxb8 Qxf2+ 24. Kh1 Re7 25. Rf1 Rxe4 26. Rxf2 Rxf2 27. Nc6 Ree2 28. Nb4 Rxb2 29. Nxa6 Rxa2 0-1

[Event "Titled Tuesday intern op 09th Apr Early"]
[Site "Chess.com INT"]
[Date "2024.04.09"]
[Round "3"]
[White "Thing, Bibek"]
[Black "Escudero Donoso, Felipe"]
[Result "1-0"]
[WhiteElo "2282"]
[BlackElo "2035"]
[PlyCount "135"]
[EventDate "2024.04.09"]
[EventType "swiss (blitz)"]
[EventRounds "11"]
[EventCountry "USA"]
[SourceTitle "EXT 2025"]
[Source "ChessBase"]
[SourceDate "2024.10.14"]
[SourceVersion "1"]
[SourceVersionDate "2024.10.14"]
[SourceQuality "1"]

1. e4 c6 2. d4 d5 3. e5 Bf5 4. h4 h5 5. Bd3 Bxd3 6. Qxd3 e6 7. Bg5 Qb6 8. Nd2 c5 9. c4 Qa6 10. Ngf3 Nc6 11. 0-0 Nge7 12. b3 Nf5 13. dxc5 Bxc5 14. Rad1 0-0 15. a4 Rac8 16. Qb1 Nb4 17. cxd5 Nxd5 18. Ne4 Bb4 19. Nd4 Nxd4 20. Rxd4 Qe2 21. Qd3 Qxd3 22. Rxd3 Rc2 23. Ng3 g6 24. Ne4 Rfc8 25. Nf6+ Nxf6 26. exf6 Kf8 27. Rfd1 Ke8 28. Rd7 R2c7 29. R7d4 a5 30. g4 hxg4 31. Rxg4 Rc5 32. Rgd4 Bc3 33. Rd7 R5c7 34. R7d3 Rc5 35. Kg2 b6 36. Rd6 R5c6 37. R6d3 Rc5 38. f4 Rf5 39. Rc1 Rfc5 40. Kf3 Bb4 41. Rcd1 R5c7 42. Kg4 Rc5 43. h5 gxh5+ 44. Kxh5 Bc3 45. Kg4 Bb4 46. Rd7 R5c7 47. R7d4 Bc3 48. R4d3 Bb4 49. Rh1 Rd7 50. Rh8+ Bf8 51. Rxf8+ Kxf8 52. Rxd7 Ke8 53. Re7+ Kf8 54. Bh6+ Kg8 55. Kg5 Rc5+ 56. Kg4 Rc3 57. Re8+ Kh7 58. Bg5 Rxb3 59. Rf8 Kg6 60. Rg8+ Kh7 61. Rg7+ Kh8 62. Rxf7 Rb4 63. Rb7 e5 64. f7 Kg7 65. Bh6+ Kxh6 66. f8Q+ Kg6 67. Rg7+ Kh6 68. Qh8# 1-0

[Event "Titled Tuesday intern op 09th Apr Early"]
[Site "Chess.com INT"]
[Date "2024.04.09"]
[Round "4"]
[White "Yarullina, Alina"]
[Black "Escudero Donoso, Felipe"]
[Result "1-0"]
[WhiteElo "2084"]
[BlackElo "2035"]
[PlyCount "101"]
[EventDate "2024.04.09"]
[EventType "swiss (blitz)"]
[EventRounds "11"]
[EventCountry "USA"]
[SourceTitle "EXT 2025"]
[Source "ChessBase"]
[SourceDate "2024.10.14"]
[SourceVersion "1"]
[SourceVersionDate "2024.10.14"]
[SourceQuality "1"]

1. e4 e6 2. d4 d5 3. Nd2 c5 4. exd5 Qxd5 5. Ngf3 cxd4 6. Bc4 Qd6 7. 0-0 Nf6 8. Nb3 Qc7 9. Be2 e5 10. Bb5+ Bd7 11. Re1 Be7 12. Rxe5 Bxb5 13. Rxb5 0-0 14. Nbxd4 Rd8 15. c3 Nc6 16. Qe2 a6 17. Nxc6 Qxc6 18. Re5 Bd6 19. Rg5 Ne4 20. Rg4 Re8 21. Be3 f5 22. Nd4 Qd5 23. Rh4 Be7 24. Rf4 g6 25. c4 Qd6 26. Rd1 Rad8 27. Rxe4 fxe4 28. Rd2 Qe5 29. b3 Bb4 30. Rd1 Rd7 31. Nc2 Rxd1+ 32. Qxd1 Bc5 33. Bxc5 Qxc5 34. Ne3 Rf8 35. g3 b5 36. cxb5 axb5 37. Qd5+ Qxd5 38. Nxd5 Ra8 39. Nb4 Kf7 40. Kf1 Ke6 41. Ke2 Ke5 42. Ke3 Rd8 43. Nc6+ Kd6 44. Nxd8 Kc5 45. Ne6+ Kb4 46. Kxe4 Ka3 47. Nd4 b4 48. Nc2+ Kxa2 49. Nxb4+ Kxb3 50. Nd5 Kc4 51. Nf6 1-0

[Event "Titled Tuesday intern op 02nd Apr Early"]
[Site "Chess.com INT"]
[Date "2024.04.02"]
[Round "7"]
[White "Escudero Donoso, Felipe"]
[Black "Ishvi, Aggarwal"]
[Result "1-0"]
[WhiteElo "2035"]
[BlackElo "1959"]
[PlyCount "51"]
[EventDate "2024.04.02"]
[EventType "swiss (blitz)"]
[EventRounds "11"]
[EventCountry "USA"]
[SourceTitle "CBM 219 Extra"]
[Source "ChessBase"]
[SourceDate "2024.05.31"]
[SourceVersion "1"]
[SourceVersionDate "2024.05.31"]
[SourceQuality "1"]

1. d4 Nf6 2. Nf3 g6 3. c4 Bg7 4. Nc3 d6 5. e4 0-0 6. Be2 c5 7. d5 e6 8. 0-0 exd5 9. exd5 Re8 10. h3 Na6 11. a3 Nc7 12. Bg5 h6 13. Bf4 a6 14. a4 Ne4 15. Nxe4 Rxe4 16. Be3 Bxb2 17. Qb1 Rxe3 18. Qxb2 Re8 19. Bd3 Rb8 20. a5 Bd7 21. Nd2 Qg5 22. Ne4 Qe5 23. Nf6+ Kh8 24. Qxe5 Rxe5 25. Nxd7 Re7 26. Nxb8 1-0

[Event "Titled Tuesday intern op 19th Mar Early"]
[Site "Chess.com INT"]
[Date "2024.03.19"]
[Round "1"]
[White "Martinez Ramirez, Lennis"]
[Black "Escudero Donoso, Felipe"]
[Result "1-0"]
[WhiteElo "2450"]
[BlackElo "2035"]
[PlyCount "61"]
[EventDate "2024.03.19"]
[EventType "swiss (blitz)"]
[EventRounds "11"]
[EventCountry "USA"]
[SourceTitle "EXT 2025"]
[Source "ChessBase"]
[SourceDate "2024.10.14"]
[SourceVersion "1"]
[SourceVersionDate "2024.10.14"]
[SourceQuality "1"]

1. c4 e6 2. Nf3 d5 3. g3 c5 4. Bg2 Nc6 5. cxd5 exd5 6. 0-0 Nf6 7. d4 Be7 8. dxc5 Bxc5 9. a3 0-0 10. b4 Be7 11. Bb2 Ne4 12. Nfd2 Bf6 13. Bxf6 Qxf6 14. Ra2 Bf5 15. e3 Rad8 16. b5 Ne5 17. Qa4 Nc5 18. Qxa7 Qd6 19. Qa5 b6 20. Qb4 Ned3 21. Qh4 h6 22. Nc3 Be6 23. Raa1 Qe5 24. Ne2 Rfe8 25. Nd4 Bd7 26. N2f3 Qd6 27. a4 Ne4 28. Ne1 Nd2 29. Nxd3 Nxf1 30. Bxf1 Re4 31. Qxd8+ 1-0

[Event "CHI-ch"]
[Site "Santiago de Chile"]
[Date "2024.02.20"]
[Round "2"]
[White "Salinas Herrera, Pablo Patricio"]
[Black "Escudero Donoso, Felipe"]
[Result "1/2-1/2"]
[WhiteElo "2483"]
[BlackElo "2025"]
[PlyCount "78"]
[EventDate "2024.02.19"]
[EventType "swiss"]
[EventRounds "11"]
[EventCountry "CHI"]
[SourceTitle "CBM 218 Extra"]
[Source "ChessBase"]
[SourceDate "2024.03.31"]
[SourceVersion "1"]
[SourceVersionDate "2024.03.31"]
[SourceQuality "1"]

1. e4 c6 2. Nf3 d5 3. Nc3 Nf6 4. e5 Ne4 5. Ne2 Qb6 6. d4 c5 7. Ng3 Nc6 8. Bd3 Nxg3 9. fxg3 Nxd4 10. Nxd4 cxd4 11. 0-0 g6 12. a4 a6 13. a5 Qc7 14. Bf4 Be6 15. Qd2 Bg7 16. Rae1 Rc8 17. Kh1 0-0 18. h4 h5 19. Bh6 Kh7 20. Bxg7 Kxg7 21. Qg5 Qd8 22. Rf4 Rc6 23. Ref1 Bg4 24. Rxd4 e6 25. Rf6 Bf5 26. g4 Qxa5 27. c3 Qa1+ 28. Kh2 Qe1 29. gxh5 Qxe5+ 30. g3 Rh8 31. Rxg6+ fxg6 32. Qe7+ Kg8 33. Qd8+ Kg7 34. Qe7+ Kg8 35. Bxf5 gxf5 36. Qe8+ Kg7 37. Qe7+ Kg8 38. Qe8+ Kg7 39. Qe7+ Kg8 1/2-1/2

[Event "Titled Tuesday intern op 07th Nov Early"]
[Site "Chess.com INT"]
[Date "2023.11.07"]
[Round "1"]
[White "Escudero Donoso, Felipe"]
[Black "Yanchenko, Roman"]
[Result "0-1"]
[WhiteElo "2055"]
[BlackElo "2466"]
[PlyCount "100"]
[EventDate "2023.11.07"]
[EventType "swiss (blitz)"]
[EventRounds "11"]
[EventCountry "USA"]
[SourceTitle "EXT 2025"]
[Source "ChessBase"]
[SourceDate "2024.10.14"]
[SourceVersion "1"]
[SourceVersionDate "2024.10.14"]
[SourceQuality "1"]

1. d4 d5 2. c4 c6 3. cxd5 cxd5 4. Nc3 Nc6 5. Bf4 Nf6 6. e3 a6 7. Bd3 Bg4 8. f3 Bh5 9. Nge2 Bg6 10. 0-0 e6 11. Rc1 Bd6 12. Na4 0-0 13. Nc5 Bxc5 14. Rxc5 Qb6 15. b3 e5 16. Bxg6 hxg6 17. Bg3 Rfe8 18. Bf2 e4 19. f4 Nb4 20. Qd2 Nd3 21. Rc3 Rac8 22. Nc1 Rxc3 23. Qxc3 Qb4 24. Qc2 Qb5 25. a4 Nb4 26. Qc3 Qb6 27. Be1 a5 28. Bh4 Qe6 29. Qc5 b6 30. Qb5 Rc8 31. Ne2 Ng4 32. Bf2 Nd3 33. h3 Ngxf2 34. Rxf2 Nxf2 35. Kxf2 Qc6 36. Qa6 Ra8 37. Qb5 Qxb5 38. axb5 Rc8 39. Ke1 Rc2 40. Kd1 Rb2 41. Nc3 Rxb3 42. Nxd5 a4 43. Kc2 Rxb5 44. Nc3 Rb4 45. Nxe4 a3 46. Nc3 Rb2+ 47. Kc1 b5 48. d5 b4 49. Na4 Re2 50. d6 a2 0-1

[Event "Titled Tuesday intern op 08th Aug Early"]
[Site "Chess.com INT"]
[Date "2023.08.08"]
[Round "7"]
[White "Escudero Donoso, Felipe"]
[Black "Toman, Ondrej"]
[Result "1-0"]
[WhiteElo "2055"]
[BlackElo "2283"]
[PlyCount "115"]
[EventDate "2023.08.08"]
[EventType "swiss (blitz)"]
[EventRounds "11"]
[EventCountry "USA"]
[SourceTitle "EXT 2024"]
[Source "ChessBase"]
[SourceDate "2023.10.10"]
[SourceVersion "1"]
[SourceVersionDate "2023.10.10"]
[SourceQuality "1"]

1. d4 Nf6 2. c4 e6 3. g3 d5 4. Nf3 Bb4+ 5. Bd2 Be7 6. Bg2 0-0 7. 0-0 c6 8. Qc2 b6 9. Bf4 Ba6 10. Nbd2 Nbd7 11. Qa4 Bxc4 12. Nxc4 b5 13. Qa6 bxc4 14. Qxc6 Qc8 15. Qxc8 Rfxc8 16. Rfc1 Ne4 17. Ne5 Nxe5 18. Bxe5 f6 19. Bf4 g5 20. Be3 Nd6 21. h4 h6 22. hxg5 hxg5 23. g4 f5 24. gxf5 Nxf5 25. Bf3 Bf6 26. Rd1 Rab8 27. Rab1 Rb5 28. Bg4 Rcb8 29. Bc1 c3 30. Rd3 cxb2 31. Be3 Kf7 32. Ra3 R8b7 33. Ra6 R5b6 34. Ra5 Nxd4 35. Kg2 Rb5 36. Ra6 Nf5 37. Bxa7 Rc7 38. Be3 Nxe3+ 39. fxe3 Rc1 40. Bxe6+ Ke7 41. Bf5 Rxb1 42. Bxb1 Rc5 43. Rb6 Rc1 44. Bf5 Bc3 45. Bd3 Kd7 46. a4 Kc7 47. Rb3 Be5 48. Kf3 Ra1 49. Kg4 Rxa4+ 50. Kxg5 Ra1 51. Kf5 Bg7 52. Ke6 d4 53. exd4 Bxd4 54. Kd5 Bf6 55. e4 Ra5+ 56. Ke6 Bd4 57. Rb4 Re5+ 58. Kf7 1-0

[Event "Titled Tuesday intern op 13th Jun Early"]
[Site "Chess.com INT"]
[Date "2023.06.13"]
[Round "2"]
[White "Khamdamova, Afruza"]
[Black "Escudero Donoso, Felipe"]
[Result "0-1"]
[WhiteElo "2260"]
[BlackElo "2074"]
[PlyCount "118"]
[EventDate "2023.06.13"]
[EventType "swiss (blitz)"]
[EventRounds "11"]
[EventCountry "USA"]
[SourceTitle "EXT 2024"]
[Source "ChessBase"]
[SourceDate "2023.10.10"]
[SourceVersion "1"]
[SourceVersionDate "2023.10.10"]
[SourceQuality "1"]

1. e4 c6 2. d4 d5 3. Nc3 dxe4 4. Nxe4 Bf5 5. Ng3 Bg6 6. Nf3 e6 7. h4 h6 8. Ne5 Bh7 9. Bc4 Nf6 10. Qe2 Nd5 11. c3 Be7 12. h5 Nd7 13. 0-0 Nxe5 14. dxe5 0-0 15. Be3 Bg5 16. Bxg5 Qxg5 17. Bxd5 cxd5 18. Rad1 Rac8 19. Rd4 Rc4 20. Rfd1 Rfc8 21. Nf1 Rxd4 22. Rxd4 Be4 23. Ng3 Bb1 24. a3 Ba2 25. Kh2 Rc4 26. Rxc4 Bxc4 27. Qe1 a5 28. Kg1 a4 29. Qe3 Qxe3 30. fxe3 Kf8 31. e4 Ke7 32. exd5 Bxd5 33. Ne2 Kd7 34. Nd4 f6 35. exf6 gxf6 36. g4 Kd6 37. Kf2 Ke5 38. Ke3 b6 39. Nb5 Bb3 40. Nd4 Bd1 41. Nc6+ Kd6 42. Nd8 Bxg4 43. Nf7+ Ke7 44. Nxh6 Bxh5 45. Kf4 Bg6 46. Ng4 e5+ 47. Ke3 Ke6 48. Nf2 f5 49. Kf3 f4 50. Ng4 Kf5 51. Nf2 Bh5+ 52. Kg2 e4 53. Nh3 Bf3+ 54. Kf2 Bg4 55. Ng1 e3+ 56. Kg2 Ke4 57. Kf1 Kd3 58. Ke1 Kc2 59. c4 Kxb2 0-1